Aspectos jurídicos del tratamiento a los migrantes y refugiados /
sin resumen
Сохранить в:
| Главный автор: | |
|---|---|
| Формат: | Текст |
| Предметы: | |
| Метки: |
Добавить метку
Нет меток, Требуется 1-ая метка записи!
|
MARC
| LEADER | 00000 a a2200000 04500 | ||
|---|---|---|---|
| 001 | 15426 | ||
| 003 | |||
| 040 | |||
| 100 | |a Callejas Bonilla, Policarpio | ||
| 245 | |a Aspectos jurídicos del tratamiento a los migrantes y refugiados / |c Policarpio Callejas Bonilla | ||
| 520 | |a sin resumen | ||
| 650 | |a ASPECTOS JURIDICOS | ||
| 650 | |a MIGRACION | ||
| 650 | |a MIGRANTES | ||
| 650 | |a REFUGIADOS | ||
| 773 | |g volumen 13, número 13; páginas 79-89 | ||
| 999 | |c 27208 |d 27208 | ||
| 773 | 0 | |0 43276 |9 4751 |d Tegucigalpa, Honduras: Universidad Nacional Autónoma de Honduras. Facultad de Ciencias Jurídicas y Sociales, 1970- |o MFN: 0996 |t Revista de Derecho/ | |
